| Tag |
First Indicator |
Second Indicator |
Subfields |
| LEADER |
00000cam a2200000Mi 4500 |
| 001 |
in00003569887 |
| 006 |
m o d |
| 007 |
cr mnu---uuaaa |
| 008 |
121227s1971 ne o 000 0 eng |
| 005 |
20260421174940.2 |
| 020 |
|
|
|a 9789401196949 (electronic bk.)
|
| 020 |
|
|
|a 940119694X (electronic bk.)
|
| 020 |
|
|
|z 9789401196963
|
| 020 |
|
|
|z 9401196966
|
| 035 |
|
|
|a (OCoLC)851387475
|
| 040 |
|
|
|a AU@
|b eng
|c AU@
|d OCLCQ
|d OCLCO
|d GW5XE
|d OCLCF
|d UtOrBLW
|
| 049 |
|
|
|a TXAM
|
| 050 |
|
4 |
|a RJ1-570
|
| 072 |
|
7 |
|a MJW
|2 bicssc
|
| 072 |
|
7 |
|a MED069000
|2 bisacsh
|
| 082 |
0 |
4 |
|a 618.92
|2 23
|
| 100 |
1 |
|
|a Batstone, Gifford F.
|
| 245 |
1 |
2 |
|a A Handbook of Pre-Natal Paediatrics for Obstetricians and Pediatricians /
|c edited by Gifford F. Batstone, Alastair W. Blair, Jack M. Slater.
|
| 264 |
|
1 |
|a Dordrecht :
|b Springer Netherlands,
|c 1971.
|
| 300 |
|
|
|a 1 online resource (225 pages)
|
| 336 |
|
|
|a text
|b txt
|2 rdacontent
|
| 337 |
|
|
|a computer
|b c
|2 rdamedia
|
| 338 |
|
|
|a online resource
|b cr
|2 rdacarrier
|
| 500 |
|
|
|a Electronic resource.
|
| 650 |
|
0 |
|a Medicine.
|
| 650 |
|
0 |
|a Pediatrics.
|
| 650 |
|
7 |
|a Medicine.
|2 fast
|0 (OCoLC)fst01014893
|
| 650 |
|
7 |
|a Pediatrics.
|2 fast
|0 (OCoLC)fst01056503
|
| 655 |
|
7 |
|a Electronic books.
|2 local
|
| 700 |
1 |
|
|a Blair, Alastair W.
|
| 700 |
1 |
|
|a Slater, Jack M.
|
| 710 |
2 |
|
|a SpringerLink (Online service)
|
| 776 |
1 |
8 |
|i Print version:
|z 9789401196963
|
| 856 |
4 |
0 |
|u http://proxy.library.tamu.edu/login?url=https://link.springer.com/10.1007/978-94-011-9694-9
|z Connect to the full text of this electronic book
|t 0
|
| 994 |
|
|
|a 92
|b TXA
|
| 999 |
|
|
|a MARS
|
| 999 |
f |
f |
|s 8995abf7-1c88-3abb-be93-c5131180bb71
|i 89d47b62-3a7e-362d-bdb3-96cd301b1e47
|t 0
|
| 952 |
f |
f |
|a Texas A&M University
|b College Station
|c Electronic Resources
|s www_evans
|d Available Online
|t 0
|e RJ1-570
|h Library of Congress classification
|
| 998 |
f |
f |
|a RJ1-570
|t 0
|l Available Online
|